| 000 | 00505pab a2200169 454500 | ||
|---|---|---|---|
| 008 | 180718b1999 xxu||||| |||| 00| 0 eng d | ||
| 100 | _aBuckley, John et al. | ||
| 245 | _aIntegrating performance management in the Irish civil service: performance and human resource issues | ||
| 260 | _c1999 | ||
| 300 | _ap.3-31 | ||
| 362 | _aAutumn | ||
| 650 | _aHuman resources development - Ireland | ||
| 650 | _aCivil service - Ireland | ||
| 650 | _aCivil service | ||
| 773 | _aAdministration | ||
| 909 | _a43927 | ||
| 999 |
_c43927 _d43927 |
||